000 00627nam a2200229 a 4500
001 BRCA_7221
005 20190320205745.0
008 170112s1940----u--af#####---#000-0#eng-#
041 _aeng
044 _au
050 4 _aN6841
_b.A77
245 1 0 _aArt of France and Spain
_cPowers
260 _aNewton, Mass
_bThe University Prints
_c[1940]
300 _a1 estuche con láminas
_bil., 399 láminas
_c21 cm.
440 0 _aUniversity Prints. Student series
_vE
_917894
500 _aP117
650 1 4 _aArte frances
_99455
650 1 4 _aArte español
_92063
700 1 _aPowers
_eed.
_917895
902 _aGFM
942 _2lcc
_cB
999 _c6902
_d6902